| 000 | 00636nam a22002177a 4500 | ||
|---|---|---|---|
| 003 | OSt | ||
| 005 | 20251024010545.0 | ||
| 008 | 251007b |||||||| |||| 00| 0 eng d | ||
| 020 | _a978-971-581-193-4. | ||
| 040 |
_aDWCL-Main lib _cOC |
||
| 082 | _aGr. 613 Ag283e 2008 | ||
| 100 | _aAguilar, Isidro | ||
| 245 | _aEncyclopedia of health and education for the family | ||
| 260 |
_aSpain : _bEditorial Safeliz, S. L., _cc2008. |
||
| 300 |
_a4 various : _bcolored illustration ; _c28 cm. |
||
| 504 | _aIncludes index. | ||
| 650 | _21. Health education. | ||
| 650 | _22. Health. | ||
| 700 | _aGalbes, Herminia | ||
| 942 |
_2ddc _cGR _kGr. _n0 |
||
| 999 |
_c4669 _d4669 |
||